<?xml version="1.0" encoding="UTF-8"?>
<record
    xmlns:xsi="http://www.w3.org/2001/XMLSchema-instance"
    xsi:schemaLocation="http://www.loc.gov/MARC21/slim http://www.loc.gov/standards/marcxml/schema/MARC21slim.xsd"
    xmlns="http://www.loc.gov/MARC21/slim">

  <leader>06087ntaaa2200901   4500</leader>
  <controlfield tag="003">01</controlfield>
  <controlfield tag="005">20251027203251.0</controlfield>
  <controlfield tag="008">0714s1973  ag    01 </controlfield>
  <datafield tag="020" ind1=" " ind2=" ">
    <subfield code="a">9500513226</subfield>
  </datafield>
  <datafield tag="040" ind1=" " ind2=" ">
    <subfield code="a">AR-BaBN</subfield>
    <subfield code="b">spa</subfield>
    <subfield code="c">AR-BaBN</subfield>
    <subfield code="e">aacr</subfield>
    <subfield code="d">RIC</subfield>
  </datafield>
  <datafield tag="082" ind1=" " ind2=" ">
    <subfield code="a">335.4 G54</subfield>
  </datafield>
  <datafield tag="100" ind1=" " ind2=" ">
    <subfield code="a">Godio, Julio </subfield>
    <subfield code="9">35433</subfield>
  </datafield>
  <datafield tag="245" ind1=" " ind2=" ">
    <subfield code="a">El mundo en que vivimos : </subfield>
    <subfield code="b">Un ensayo sobre el derrumbe del socialismo real y el significado de la "autorrevoluci&#xF2;n del capital" / </subfield>
    <subfield code="c">Julio Godio</subfield>
  </datafield>
  <datafield tag="250" ind1=" " ind2=" ">
    <subfield code="a">1&#xAA; ed.</subfield>
  </datafield>
  <datafield tag="260" ind1=" " ind2=" ">
    <subfield code="a">Buenos Aires : </subfield>
    <subfield code="b">Corregidor, </subfield>
    <subfield code="c">2000</subfield>
  </datafield>
  <datafield tag="300" ind1=" " ind2=" ">
    <subfield code="a">285 p.</subfield>
  </datafield>
  <datafield tag="505" ind1=" " ind2=" ">
    <subfield code="t">LA CIVILIZACION DEL CAPITAL CUESTIONADA: IRRUPCION EN LA HISTORIA Y DEBACLE DEL "SOCIALISMO REAL" (1917-1989).</subfield>
  </datafield>
  <datafield tag="505" ind1=" " ind2=" ">
    <subfield code="t">CAPITULO 1: Configuraci&#xF3;n y temprana dispersi&#xF3;n de la teor&#xED;a marxista del progreso hist&#xF3;rico.</subfield>
  </datafield>
  <datafield tag="505" ind1=" " ind2=" ">
    <subfield code="t">1. El Capital: el paradigma y su reduccionismo.</subfield>
  </datafield>
  <datafield tag="505" ind1=" " ind2=" ">
    <subfield code="t">2. Demandas de la acci&#xF3;n pol&#xED;tica a la teor&#xED;a pol&#xED;tica: la custi&#xF3;n de la conquista del poder.</subfield>
  </datafield>
  <datafield tag="505" ind1=" " ind2=" ">
    <subfield code="t">3. La II Internacional: programa com&#xFA;n con malentendidos te&#xF3;ricos.</subfield>
  </datafield>
  <datafield tag="505" ind1=" " ind2=" ">
    <subfield code="t">4. Precapitalismo y Socialismo: sospechas de Marx y certidumbres de Lenin.</subfield>
  </datafield>
  <datafield tag="505" ind1=" " ind2=" ">
    <subfield code="t">5. Primera ruptura en la teor&#xED;a marxista del progreso.</subfield>
  </datafield>
  <datafield tag="505" ind1=" " ind2=" ">
    <subfield code="t">CAPITULO 2: Oriente y Occidente: el peregrinaje del marxismo entre ambos mundos.</subfield>
  </datafield>
  <datafield tag="505" ind1=" " ind2=" ">
    <subfield code="t">1. Paradojas de la historia: los comunistas sovi&#xE9;ticos se preguntan en 1985 si hicieron "lo correto" en 1917.</subfield>
  </datafield>
  <datafield tag="505" ind1=" " ind2=" ">
    <subfield code="t">2. Primeras dudas de Lenin sobre la instalaci&#xF3;n de la Revoluci&#xF3;n Rusa en Europa.</subfield>
  </datafield>
  <datafield tag="505" ind1=" " ind2=" ">
    <subfield code="t">3. El stalinismo: excedente econ&#xF3;mico y supervivencia sovi&#xE9;tica.</subfield>
  </datafield>
  <datafield tag="505" ind1=" " ind2=" ">
    <subfield code="t">4. De Londres a Yenan: el peregrinaje leninista de Marx hacia el Oriente.</subfield>
  </datafield>
  <datafield tag="505" ind1=" " ind2=" ">
    <subfield code="t">CAPITULO 3: El "marxismo-leninismo-stalinismo": implantaci&#xF3;n, limites y cuestionamientos internos.</subfield>
  </datafield>
  <datafield tag="505" ind1=" " ind2=" ">
    <subfield code="t">1. La desventura del marxismo en Rusia: constituci&#xF3;n del "marxismo-leninismo- stalinismo"</subfield>
  </datafield>
  <datafield tag="505" ind1=" " ind2=" ">
    <subfield code="t">2. Conformaci&#xF3;n del "n&#xFA;cleo dirigente" marxista-leninista-stalinista a nivel internacional: rasgos fundamentales.</subfield>
  </datafield>
  <datafield tag="505" ind1=" " ind2=" ">
    <subfield code="t">3. Los marxismos contra el fascismo: escenario com&#xFA;n, acuerdos coyuntuales y ruptura.</subfield>
  </datafield>
  <datafield tag="505" ind1=" " ind2=" ">
    <subfield code="t">CAPITULO 4: Expansi&#xF3;n, estancamiento e inicio de la decadencia del "socialismo real".</subfield>
  </datafield>
  <datafield tag="505" ind1=" " ind2=" ">
    <subfield code="t">1. La organizaci&#xF3;n del sistema del socialismo real en Europa y la Gerra Fr&#xED;a.</subfield>
  </datafield>
  <datafield tag="505" ind1=" " ind2=" ">
    <subfield code="t">2. Revoluci&#xF3;n en China: extensi&#xF3;n del sistema socialista mundial.</subfield>
  </datafield>
  <datafield tag="505" ind1=" " ind2=" ">
    <subfield code="t">3. Revoluci&#xF3;n en China: mao&#xED;smo y cuestionamiento del liderazgo sovi&#xE9;tico.</subfield>
  </datafield>
  <datafield tag="505" ind1=" " ind2=" ">
    <subfield code="t">4. El tito&#xED;smo: primer intento de pol&#xED;tica aut&#xF3;noma en el comunismo de Europa Central y del Este.</subfield>
  </datafield>
  <datafield tag="505" ind1=" " ind2=" ">
    <subfield code="t">5. Khrushovismo: reformas econ&#xF3;mica, competencia y coexistencia con el capitalismo.</subfield>
  </datafield>
  <datafield tag="505" ind1=" " ind2=" ">
    <subfield code="t">6. Consolidaci&#xF3;n del socialismo democr&#xE1;tico en Europa occidental.</subfield>
  </datafield>
  <datafield tag="505" ind1=" " ind2=" ">
    <subfield code="t">7. El termundismo en la escena mundial: final del colonialismo y las guerras en Indochina.</subfield>
  </datafield>
  <datafield tag="505" ind1=" " ind2=" ">
    <subfield code="t">8. Del mayo franc&#xE9;s a la tragedia en Checoslovaquia: inicio de la decadencia del socialismo real.</subfield>
  </datafield>
  <datafield tag="505" ind1=" " ind2=" ">
    <subfield code="t">CAPITULO 5: Agotamiento y desaparici&#xF3;n del sistema socialista mundial.</subfield>
  </datafield>
  <datafield tag="505" ind1=" " ind2=" ">
    <subfield code="t">1. Reformas en el estancamiento: agotamiento y crisis del socialismo real.</subfield>
  </datafield>
  <datafield tag="505" ind1=" " ind2=" ">
    <subfield code="t">2. Abolici&#xF3;n del stalinismo y viraje hacia  un socialismo democr&#xE1;tico: Glasnost y Perestroika.</subfield>
  </datafield>
  <datafield tag="505" ind1=" " ind2=" ">
    <subfield code="t">3. El derrumbe del sistema del socialismo real en los pa&#xED;ses de Europa Central y del Este: aspectos generales.</subfield>
  </datafield>
  <datafield tag="505" ind1=" " ind2=" ">
    <subfield code="t">4. Fracaso de la perestroika en sus dos objetivos fundamentales: socialdemocr&#xE1;tico y nuevo Tratado de la Uni&#xF3;n. Desaparici&#xF3;n de la URSS y nacimiento de la CEI.</subfield>
  </datafield>
  <datafield tag="505" ind1=" " ind2=" ">
    <subfield code="t">5. Profundizaci&#xF3;n y resoluci&#xF3;n de la crisis: escenarios alternativos.</subfield>
  </datafield>
  <datafield tag="505" ind1=" " ind2=" ">
    <subfield code="t">EL DESPLIEGUE INTERNACIONAL DE LA "AUTORREVOLUCION DEL CAPITAL": OPOSICION ENTRE PARADIGMAS NEOLIBERALES HEGEMONICOS Y NUEVOS PARADIGMAS CRITICOS (1975-2000)</subfield>
  </datafield>
  <datafield tag="505" ind1=" " ind2=" ">
    <subfield code="t">CAPITULO 1: La hegemon&#xED;a global neoliberal: Bases econ&#xF3;micas, pol&#xED;ticas y culturales.</subfield>
  </datafield>
  <datafield tag="505" ind1=" " ind2=" ">
    <subfield code="t">1. Un cambio sustancial en el mundo: la hegemon&#xED;a norteamericana.</subfield>
  </datafield>
  <datafield tag="505" ind1=" " ind2=" ">
    <subfield code="t">2. L&#xED;neas de fuerza en el sistema-mundo</subfield>
  </datafield>
  <datafield tag="505" ind1=" " ind2=" ">
    <subfield code="t">3. Breves reflexiones sobre algunos pa&#xED;ses excluidos en la globalizaci&#xF3;n.</subfield>
  </datafield>
  <datafield tag="505" ind1=" " ind2=" ">
    <subfield code="t">4. Discurso neoliberal y cr&#xED;tica desde el catolicismo.</subfield>
  </datafield>
  <datafield tag="505" ind1=" " ind2=" ">
    <subfield code="t">CAPITULO 2: Cr&#xED;tica a la globalizaci&#xF3;n: componentes pol&#xED;ticos, econ&#xF3;micos y financieros.</subfield>
  </datafield>
  <datafield tag="505" ind1=" " ind2=" ">
    <subfield code="t">1. La cuesti&#xF3;n del capital financiero: importancia de la "Tasa Tobin".</subfield>
  </datafield>
  <datafield tag="505" ind1=" " ind2=" ">
    <subfield code="t">2. El c&#xED;rculo infernal de la deuda.</subfield>
  </datafield>
  <datafield tag="505" ind1=" " ind2=" ">
    <subfield code="t">3. Rusia y China: dos historias, dos caminos hacia la econom&#xED;a de mercado.</subfield>
  </datafield>
  <datafield tag="505" ind1=" " ind2=" ">
    <subfield code="t">4. Una convergencia original entre movimientos campesinos de los pa&#xED;ses del Sur del G-7.</subfield>
  </datafield>
  <datafield tag="505" ind1=" " ind2=" ">
    <subfield code="t">5. Un breve comentario sobre biotecnolog&#xED;a.</subfield>
  </datafield>
  <datafield tag="505" ind1=" " ind2=" ">
    <subfield code="t">6. Nuevo enfoque sobre la relaci&#xF3;n entre ecolog&#xED;a y econom&#xED;a.</subfield>
  </datafield>
  <datafield tag="505" ind1=" " ind2=" ">
    <subfield code="t">CAPITULO 3: Cr&#xED;tica a la globalizaci&#xF3;n: componentes sociolaborales y sociopol&#xED;ticos.</subfield>
  </datafield>
  <datafield tag="505" ind1=" " ind2=" ">
    <subfield code="t">1. Desempleo y exclusi&#xF3;n: antesala de una revoluci&#xF3;n del concepto de trabajo.</subfield>
  </datafield>
  <datafield tag="505" ind1=" " ind2=" ">
    <subfield code="t">2. Reflexiones sobre la relaci&#xF3;n entre la jornada de 35 horas y las transformaciones en las empresas.</subfield>
  </datafield>
  <datafield tag="505" ind1=" " ind2=" ">
    <subfield code="t">3. De la "Tercera V&#xED;a" a los sucesos de Seattle.</subfield>
  </datafield>
  <datafield tag="505" ind1=" " ind2=" ">
    <subfield code="t">4. Algo m&#xE1;s sobre la nueva econom&#xED;a y el progreso social.</subfield>
  </datafield>
  <datafield tag="505" ind1=" " ind2=" ">
    <subfield code="t">5. La cl&#xE1;usula social como herramienta del desarrollo integrado.</subfield>
  </datafield>
  <datafield tag="505" ind1=" " ind2=" ">
    <subfield code="t">6. La cuesti&#xF3;n de g&#xE9;nero y su localizaci&#xF3;n dentro de la globalizaci&#xF3;n.</subfield>
  </datafield>
  <datafield tag="505" ind1=" " ind2=" ">
    <subfield code="t">CAPITULO 4: El Estado-naci&#xF3;n en la globalizaci&#xF3;n.</subfield>
  </datafield>
  <datafield tag="505" ind1=" " ind2=" ">
    <subfield code="t">1. Neoliberalismo y desposesi&#xF3;n del Estado.</subfield>
  </datafield>
  <datafield tag="505" ind1=" " ind2=" ">
    <subfield code="t">2. El mercado y el regreso de lo p&#xFA;blico.</subfield>
  </datafield>
  <datafield tag="505" ind1=" " ind2=" ">
    <subfield code="t">CAPITULO 5: Ilusiones ingenuas sobre el fin de la Guerra Fr&#xED;a.</subfield>
  </datafield>
  <datafield tag="505" ind1=" " ind2=" ">
    <subfield code="t">1. El pacifismo y la no-violencia en crisis: guerra sin muertos y resurgimientos de los fascismos populistas.</subfield>
  </datafield>
  <datafield tag="650" ind1=" " ind2=" ">
    <subfield code="a">SOCIALISMO</subfield>
    <subfield code="9">6607</subfield>
  </datafield>
  <datafield tag="650" ind1=" " ind2=" ">
    <subfield code="a">MARXISMO</subfield>
    <subfield code="9">2909</subfield>
  </datafield>
  <datafield tag="650" ind1=" " ind2=" ">
    <subfield code="a">GLOBALIZACION</subfield>
  </datafield>
  <datafield tag="650" ind1=" " ind2=" ">
    <subfield code="a">NEOLIBERALISMO</subfield>
  </datafield>
  <datafield tag="942" ind1=" " ind2=" ">
    <subfield code="c">BK</subfield>
  </datafield>
  <datafield tag="999" ind1=" " ind2=" ">
    <subfield code="c">28113</subfield>
    <subfield code="d">28113</subfield>
  </datafield>
  <datafield tag="952" ind1=" " ind2=" ">
    <subfield code="0">0</subfield>
    <subfield code="1">0</subfield>
    <subfield code="4">0</subfield>
    <subfield code="7">0</subfield>
    <subfield code="a">BP</subfield>
    <subfield code="b">BP</subfield>
    <subfield code="d">2025-10-27</subfield>
    <subfield code="i">044579</subfield>
    <subfield code="l">0</subfield>
    <subfield code="o">335.4 G54</subfield>
    <subfield code="p">044579</subfield>
    <subfield code="r">2025-10-27 20:32:51</subfield>
    <subfield code="w">2025-10-27</subfield>
    <subfield code="y">BK</subfield>
  </datafield>
</record>
